000 00509nam a2200193 a 4500
001 1777027204010
003 YourLibrary
005 20260424161209.0
008 260424s2007##################000#0#eng##
020 _a9781841136479
082 0 4 _a344.03288GIG
100 1 _aGiglio, Francesco,
_eauthor.
245 1 0 _aThe Foundations of Restitution for Wrongs :
260 _bHart Publishing,
_c2007.
300 _a272 pages
650 0 _aLaw.
942 _cENGLISH
040 _aYourLibrary
_beng
_cYourLibrary
999 _c619902
_d619902